Itt van a szép karácsony

Bibliographic Details
Main Author: Dsida, Jenő, 1907-1938 (Author)
Other Authors: Nagy, Zoltán (Illustrator)
Format: Article
Language:Hungarian
Slovak
PhysicalDescription:Obr. 1
Subjects:

MARC

LEADER 00000nab a2200000 a 4500
001 vtls000646760
003 SK-MaSNL
005 20260302182235.0
008 160314c1997 xo 0 hun
015 |a SNBRB19rr/mm-uuuuu 
035 |a CL0646899 
040 |a SNKBUCL  |b slo  |c SNKBUCL  |e AACR2 
041 0 |a slo 
044 |a xo  |c SK 
080 |a 894.511-1(087.5)=945.11  |2 1981 
100 1 |a Dsida, Jenő,  |d 1907-1938  |4 aut  |9 103326 
245 1 0 |a Itt van a szép karácsony  |c Jenő Dsida ; Illusztr. Zoltán Nagy 
300 |b Obr. 1 
650 0 7 |a naratívne básne  |2 snkbucl  |9 56217 
700 1 |a Nagy, Zoltán  |4 ill  |9 355315 
773 0 |t Vasárnap  |g Roč. 30, č. 51-52 (1997), s. 23 
850 |a Slovenská národná knižnica v Martine  |a DSG001 
852 |a SNK  |b KIS3GCP 
958 |a HU 
958 |a LX 
958 |a NX 
958 |a RK 
958 |a RBX 
999 |c 1417546  |d 1419476